[Event "FIN-chT2 Gp4 1819"]
[Site "Finland"]
[Date "2019.01.12"]
[Round "5.2"]
[White "Lehtonen, Simo"]
[Black "Koski, Pekka"]
[Result "1-0"]
[WhiteElo "1956"]
[BlackElo "1813"]
[PlyCount "65"]
[EventDate "2018.09.15"]
[EventType "team-tourn"]
[EventRounds "6"]
[EventCountry "FIN"]
[SourceTitle "EXT 2020"]
[Source "ChessBase"]
[SourceDate "2019.10.17"]
[SourceVersion "1"]
[SourceVersionDate "2019.10.17"]
[SourceQuality "1"]
[WhiteTeam "Oulu OSS"]
[BlackTeam "Oulu OSS II"]
[WhiteTeamCountry "FIN"]
[BlackTeamCountry "FIN"]

1. d4 d5 2. c4 c6 3. g3 Nf6 4. Bg2 e6 5. Nf3 Bb4+ 6. Bd2 Qa5 7. 0-0 0-0 8. Qc2 Bxd2 9. Nbxd2 Nbd7 10. e4 Nxe4 11. Nxe4 dxe4 12. Qxe4 Nf6 13. Qe5 Qxe5 14. dxe5 Nd7 15. Rad1 Nb6 16. b3 Bd7 17. Rd6 Rfd8 18. Rfd1 Kf8 19. Ng5 h6 20. Ne4 Ke7 21. Nc5 Rab8 22. b4 Be8 23. Rxd8 Rxd8 24. Rxd8 Kxd8 25. Nxb7+ Kc7 26. Nd6 Bd7 27. c5 Nd5 28. Bxd5 exd5 29. Nxf7 d4 30. Nd6 Be6 31. a3 Bd5 32. Kf1 Bf3 33. Ne8+ 1-0

[Event "FIN-chT2 Gp4 1718"]
[Site "Finland"]
[Date "2017.10.21"]
[Round "2.4"]
[White "Koski, Pekka"]
[Black "Huovinen, Sauli"]
[Result "1-0"]
[WhiteElo "1839"]
[BlackElo "1831"]
[PlyCount "75"]
[EventDate "2017.09.11"]
[EventType "team-tourn"]
[EventRounds "7"]
[EventCountry "FIN"]
[SourceTitle "EXT 2020"]
[Source "ChessBase"]
[SourceDate "2019.10.17"]
[SourceVersion "1"]
[SourceVersionDate "2019.10.17"]
[SourceQuality "1"]
[WhiteTeam "Oulu OSS II"]
[BlackTeam "Oulainen"]
[WhiteTeamCountry "FIN"]
[BlackTeamCountry "FIN"]

1. d4 d5 2. c4 Nc6 3. Nf3 Bg4 4. e3 e5 5. dxe5 d4 6. h3 Bxf3 7. Qxf3 Bb4+ 8. Bd2 dxe3 9. fxe3 Bxd2+ 10. Nxd2 Qg5 11. Qf4 Qxe5 12. Qxe5+ Nxe5 13. Be2 Ne7 14. 0-0 0-0-0 15. Rad1 g6 16. Nf3 Nxf3+ 17. Bxf3 h5 18. Rxd8+ Rxd8 19. Rd1 Rxd1+ 20. Bxd1 Nf5 21. Kf2 Kd7 22. g4 hxg4 23. Bxg4 Ke7 24. Bxf5 gxf5 25. Kf3 Kf6 26. Kf4 Kg6 27. h4 Kh5 28. Kxf5 Kxh4 29. Kf6 Kg4 30. Kxf7 Kf3 31. Ke6 Kxe3 32. Kd7 c6 33. Kc7 Kd4 34. Kxb7 Kxc4 35. Kxc6 Kb4 36. Kb7 a5 37. Ka6 a4 38. a3+ 1-0